| 000 | 00560nam a22001817a 4500 | ||
|---|---|---|---|
| 999 |
_c9062 _d9062 |
||
| 008 | 210322b ||||| |||| 00| 0 eng d | ||
| 040 | _aBMS College of Architecture | ||
| 100 | _aK, Ramya | ||
| 245 | _aAnimal hospital and welfare centre in Bangalore (South Zone) | ||
| 300 | _aNA | ||
| 500 | _a1BM07AT035 | ||
| 502 |
_8B.Arch _NBMS College of Architecture, Visvesvaraya Technological University _aProject report _d2012 |
||
| 650 | _aHospital | ||
| 650 | _aBangalore | ||
| 700 |
_aShobha M N _eGuide |
||
| 700 |
_aK R Madhu Chand _eGuide |
||
| 942 |
_2ddc _cTHE |
||